| 000 | 00932nam a2200253Ia 4500 | ||
|---|---|---|---|
| 003 | OSt | ||
| 005 | 20221005113217.0 | ||
| 006 | a|||||r|||| 00| 0 | ||
| 007 | ta | ||
| 008 | 221004b |||||||| |||| 00| 0 pan d | ||
| 020 | _c250 | ||
| 024 | _a8469 | ||
| 037 |
_b689, 12/06/2013, H.K. Prakashan _cTextual |
||
| 040 |
_aCRL _cCRL _bpan |
||
| 041 |
_2pan _apan |
||
| 082 | _aO153,2N3:g, P5 | ||
| 100 | _aਖੁਰਮਾ, ਸੁਰਜੀਤ ਸਿੰਘ | ||
| 245 | 0 |
_aਪ੍ਰਗਤੀਵਾਦੀ ਪੰਜਾਬੀ ਨਾਟਕ _b ਇਕ ਮੁਲਾਂਕਣ |
|
| 260 |
_aਪਟਿਆਲਾ _bਅਮਰਜੀਤ ਸਾਹਿਤ ਪ੍ਰਕਾFਨ ਭਾਰਤ _c2005 |
||
| 300 |
_a240ਪੰ _ccm. |
||
| 650 | _aਪੰਜਾਬੀ ਸਾਹਿਤ | ||
| 942 |
_hO153,2N3:g, P5 _cTEXL _2cc |
||
| 999 |
_c1027397 _d1027397 |
||